Gaming Quiz

Random Gaming or Pokémon Quiz

Normal Type Pokemon Quiz Stats

 Plays Quiz not verified by Sporcle

Score 0/102 Timer 10:00
0 Plays Today
Type Pokemon % Correct
NORMAL/FLYINGPIDGEY
96%
NORMAL/FLYINGPIDGEOTTO
94%
NORMAL/FLYINGPIDGEOT
94%
NORMAL/FLYINGSPEAROW
92%
NORMAL/FLYINGFEAROW
92%
NORMAL/FAIRYJIGGLYPUFF
88%
NORMAL/FAIRYWIGGLYTUFF
88%
NORMAL/FAIRYIGGLYBUFF
88%
NORMAL/FLYINGTAILLOW
88%
NORMAL/FLYINGSWELLOW
88%
NORMAL/FLYINGSTARLY
88%
NORMALRATTATA
86%
NORMALRATICATE
86%
NORMALTAUROS
86%
NORMALBIDOOF
86%
NORMAL/FLYINGSTARAVIA
86%
NORMAL/FLYINGSTARAPTOR
86%
NORMAL/WATERBIBAREL
86%
NORMALCHANSEY
84%
FIRE/NORMALLITLEO
84%
FIRE/NORMALPYROAR
84%
NORMALSNORLAX
82%
NORMALSENTRET
82%
NORMALFURRET
82%
NORMALBLISSEY
82%
ELECTRIC/NORMALHELIOLISK
82%
NORMALZIGZAGOON
80%
NORMALHAPPINY
80%
NORMAL/FLYINGFARFETCH'D
80%
NORMAL/FLYINGDODUO
80%
NORMAL/FLYINGDODRIO
80%
NORMAL/FLYINGHOOTHOOT
80%
NORMAL/FLYINGNOCTOWL
80%
NORMAL/FLYINGPIDOVE
80%
Type Pokemon % Correct
NORMAL/FLYINGTRANQUILL
80%
NORMAL/FLYINGUNFEZANT
80%
ELECTRIC/NORMALHELIOPTILE
80%
NORMALMILTANK
79.5%
NORMALMEOWTH
78%
NORMALPERSIAN
78%
NORMALEEVEE
78%
NORMALLINOONE
78%
NORMALMUNCHLAX
78%
NORMAL/PSYCHICGIRAFARIG
78%
NORMALPORYGON
76%
NORMALPORYGON2
76%
NORMALPORYGON-Z
76%
NORMALARCEUS
76%
NORMAL/GRASSSAWSBUCK
76%
NORMALKANGASKHAN
74%
NORMALDITTO
74%
NORMALSKITTY
74%
NORMALDELCATTY
74%
NORMALPATRAT
74%
NORMALWATCHOG
74%
NORMAL/GRASSDEERLING
74%
NORMAL/GROUNDDIGGERSBY
74%
NORMAL/FLYINGFLETCHLING
74%
NORMALSLAKOTH
72%
NORMALVIGOROTH
72%
NORMALSLAKING
72%
NORMALGLAMEOW
72%
NORMALPURUGLY
72%
NORMALLILLIPUP
72%
NORMALHERDIER
72%
NORMALSTOUTLAND
72%
NORMALBUNNELBY
72%
NORMAL/PSYCHICMELOETTA
72%
Type Pokemon % Correct
NORMAL/FIGHTINGMELOETTA
72%
NORMALSTANTLER
70%
NORMALAUDINO
70%
NORMAL/FAIRYAZURILL
70%
NORMALLICKITUNG
68%
NORMALKECLEON
68%
NORMALLICKILICKY
68%
NORMAL/FLYINGRUFFLET
68%
NORMAL/FLYINGBRAVIARY
68%
NORMALSMEARGLE
66%
NORMALBUNEARY
66%
NORMALLOPUNNY
66%
NORMAL/FLYINGSWABLU
66%
NORMALREGIGIGAS
64%
NORMAL/FLYINGCHATOT
64%
NORMALDUNSPARCE
62%
NORMALSPINDA
62%
NORMALCASTFORM
62%
NORMALBOUFFALANT
62%
NORMALWHISMUR
60%
NORMALLOUDRED
60%
NORMALEXPLOUD
60%
NORMALFURFROU
58%
NORMALAIPOM
56%
NORMAL/FLYINGMEGA PIDGEOT
55.6%
NORMAL/FIGHTINGMEGA LOPUNNY
55.6%
NORMAL/FAIRYMEGA AUDINO
55.6%
NORMALAMBIPOM
54%
NORMALTEDDIURSA
52%
NORMALURSARING
52%
NORMALZANGOOSE
50%
NORMALMINCCINO
42%
NORMALMEGA KANGASKHAN
40%
NORMALCINCCINO
40%

You're not logged in!

Compare scores with friends on all Sporcle quizzes.
OR
Log In

Show Comments

Extras

Top Quizzes Today


Score Distribution

Your Account Isn't Verified!

In order to create a playlist on Sporcle, you need to verify the email address you used during registration. Go to your Sporcle Settings to finish the process.

Report this User

Report this user for behavior that violates our Community Guidelines.

Details: